Music Quiz

Random Music or Song Quiz

Most Appearances on Now Series! Quiz Stats

 Plays Quiz not verified by Sporcle

Support Sporcle.
Go Orange.
Score 0/41 Timer 10:00
0 Plays Today
Number Of Songs Artist % Correct
14Rihanna
92.3%
11Katy Perry
84.6%
17Britney Spears
76.9%
9Lady GaGa
76.9%
12 Black Eyed Peas
69.2%
8Beyonce
69.2%
7Justin Timberlake
69.2%
12Chris Brown
53.8%
8Destiny's Child
53.8%
5Maroon 5
53.8%
7Ne-Yo
53.8%
10Pink
53.8%
5R. Kelly
53.8%
8Taylor Swift
53.8%
6Usher
53.8%
10Kelly Clarkson
46.2%
8Nelly
46.2%
6Shakira
46.2%
11Backstreet Boys
38.5%
6Coldplay
38.5%
5Fergie
38.5%
Number Of Songs Artist % Correct
5Janet Jackson
38.5%
6NSYNC
38.5%
12Nickelback
38.5%
7Daughtry
30.8%
7David Guetta
30.8%
9Jennifer Lopez
30.8%
7Pitbull
30.8%
5U2
30.8%
63 doors down
23.1%
5Bow Wow
23.1%
5Boys Like Girls
23.1%
6Jessica Simpson
23.1%
10Keith Urban
23.1%
5The Pussycat Dolls
23.1%
5Aaliyah
15.4%
5Blink-182
15.4%
8Lenny Kravitz
15.4%
5Lifehouse
15.4%
5Onerepublic
15.4%
5Chingy
7.7%

You're not logged in!

Compare scores with friends on all Sporcle quizzes.
OR
Log In

From the Vault

Disney Movie Restaurants

by mariapiscitelli5

Feed your nostalgia and your appetite!
Remove Ads.
Support Sporcle.
Get the best of Sporcle when you Go Orange. This ad-free experience offers more features, more stats, and more fun while also helping to support Sporcle. Thank you for becoming a member.

Show Comments

Extras

Top Quizzes Today


Score Distribution

Your Account Isn't Verified!

In order to create a playlist on Sporcle, you need to verify the email address you used during registration. Go to your Sporcle Settings to finish the process.

Report this User

Report this user for behavior that violates our Community Guidelines.

Details: